[Event "World Chess Olympiad 2018"]
[Site "Batumi"]
[Date "2018.09.25"]
[Round "2"]
[Board "1"]
[WhiteFideId "3508684"]
[White "Sanchez Alvarez Roberto Carlos"]
[BlackFideId "16600037"]
[Black "Montel Jr Cyril Tomas"]
[Result "1-0"]
[LiveChessVersion "1.4.8"]
[BlackElo "1882"]
[WhiteElo "2391"]

1. d4 {[%clk 1:30:21]} d5 {[%clk 1:30:24]} 2. c4 {[%clk 1:30:39]} dxc4
{[%clk 1:30:24]} 3. Nf3 {[%clk 1:29:55]} Nf6 {[%clk 1:28:15]} 4. Nc3
{[%clk 1:30:14]} Nc6 {[%clk 1:26:55]} 5. Qa4 {[%clk 1:20:30]} Bd7
{[%clk 1:17:13]} 6. Qxc4 {[%clk 1:20:33]} e6 {[%clk 1:06:39]} 7. e4
{[%clk 1:03:30]} Na5 {[%clk 0:53:05]} 8. Qd3 {[%clk 1:02:27]} c5 {[%clk 0:47:34]}
9. d5 {[%clk 0:42:42]} exd5 {[%clk 0:44:28]} 10. exd5 {[%clk 0:43:10]} Bd6
{[%clk 0:44:03]} 11. Bg5 {[%clk 0:40:26]} h6 {[%clk 0:36:53]} 12. Bh4
{[%clk 0:40:19]} g5 {[%clk 0:28:38]} 13. Bg3 {[%clk 0:40:47]} Bxg3
{[%clk 0:28:08]} 14. hxg3 {[%clk 0:41:03]} Qe7+ {[%clk 0:27:02]} 15. Be2
{[%clk 0:40:05]} g4 {[%clk 0:26:29]} 16. Nh4 {[%clk 0:34:13]} Qe5
{[%clk 0:25:01]} 17. O-O {[%clk 0:32:45]} O-O {[%clk 0:18:15]} 18. Qd2
{[%clk 0:23:10]} Qg5 {[%clk 0:17:31]} 19. f4 {[%clk 0:23:29]} gxf3
{[%clk 0:16:57]} 20. Qxg5+ {[%clk 0:23:51]} hxg5 {[%clk 0:16:58]} 21. Nxf3
{[%clk 0:24:18]} Nh7 {[%clk 0:11:04]} 22. Ne5 {[%clk 0:24:18]} Rad8
{[%clk 0:11:09]} 23. Bd3 {[%clk 0:22:11]} f6 {[%clk 0:09:16]} 24. Nxd7
{[%clk 0:18:14]} Rxd7 {[%clk 0:09:31]} 25. Rae1 {[%clk 0:18:23]} b6
{[%clk 0:07:42]} 26. Bf5 {[%clk 0:18:44]} Rg7 {[%clk 0:06:06]} 27. d6
{[%clk 0:18:30]} Nc6 {[%clk 0:05:42]} 28. d7 {[%clk 0:18:29]} Ne5
{[%clk 0:05:08]} 29. Rxe5 {[%clk 0:18:50]} fxe5 {[%clk 0:05:01]} 30. Be6+
{[%clk 0:19:11]} 1-0

[Event "World Chess Olympiad 2018"]
[Site "Batumi"]
[Date "2018.09.25"]
[Round "2"]
[Board "4"]
[WhiteFideId "1211668"]
[White "Chirila Ioan-Cristian"]
[BlackFideId "5804167"]
[Black "Lee Qing Aun"]
[Result "1-0"]
[LiveChessVersion "1.4.8"]
[BlackElo "2297"]
[WhiteElo "2576"]

1. c4 {[%clk 1:30:53]} e6 {[%clk 1:29:44]} 2. Nc3 {[%clk 1:31:02]} d5
{[%clk 1:29:59]} 3. cxd5 {[%clk 1:30:44]} exd5 {[%clk 1:30:16]} 4. d4
{[%clk 1:31:09]} c6 {[%clk 1:29:27]} 5. Nf3 {[%clk 1:25:25]} Bd6 {[%clk 1:28:26]}
6. Bg5 {[%clk 1:18:50]} Ne7 {[%clk 1:25:15]} 7. Qc2 {[%clk 1:15:55]} O-O
{[%clk 1:09:55]} 8. e3 {[%clk 1:09:53]} h6 {[%clk 1:05:49]} 9. Bh4
{[%clk 1:07:32]} Bf5 {[%clk 1:01:59]} 10. Bd3 {[%clk 0:52:19]} Qd7
{[%clk 0:57:40]} 11. O-O {[%clk 0:44:23]} Bxd3 {[%clk 0:56:25]} 12. Qxd3
{[%clk 0:44:47]} Nf5 {[%clk 0:56:41]} 13. Bg3 {[%clk 0:45:03]} Bxg3
{[%clk 0:52:35]} 14. hxg3 {[%clk 0:44:47]} Nd6 {[%clk 0:52:49]} 15. b4
{[%clk 0:39:07]} Qe6 {[%clk 0:40:03]} 16. b5 {[%clk 0:38:29]} Nd7
{[%clk 0:40:11]} 17. bxc6 {[%clk 0:37:34]} bxc6 {[%clk 0:40:39]} 18. Na4
{[%clk 0:35:56]} Nc4 {[%clk 0:36:53]} 19. Nd2 {[%clk 0:33:04]} Ndb6
{[%clk 0:25:53]} 20. Nxc4 {[%clk 0:32:57]} Nxa4 {[%clk 0:20:47]} 21. Na5
{[%clk 0:28:37]} Rab8 {[%clk 0:17:01]} 22. Qc2 {[%clk 0:25:49]} Nb6
{[%clk 0:15:25]} 23. Qxc6 {[%clk 0:26:01]} Qf5 {[%clk 0:15:00]} 24. Qc7
{[%clk 0:19:07]} Rfc8 {[%clk 0:11:20]} 25. Qxa7 {[%clk 0:19:18]} Nd7
{[%clk 0:10:29]} 26. Nb3 {[%clk 0:09:52]} Nf6 {[%clk 0:10:49]} 27. f3
{[%clk 0:05:32]} Qe6 {[%clk 0:09:20]} 28. Qa5 {[%clk 0:02:12]} Qxe3+
{[%clk 0:09:29]} 29. Kh2 {[%clk 0:01:12]} Rc2 {[%clk 0:09:17]} 30. Qe1
{[%clk 0:00:40]} Re2 {[%clk 0:08:45]} 31. Qc1 {[%clk 0:01:04]} Qe7
{[%clk 0:03:59]} 32. Re1 {[%clk 0:01:28]} Re8 {[%clk 0:04:24]} 33. Rxe2
{[%clk 0:01:46]} Qxe2 {[%clk 0:04:53]} 34. Qd2 {[%clk 0:01:53]} Qa6
{[%clk 0:04:59]} 35. Nc5 {[%clk 0:01:37]} Qa3 {[%clk 0:05:09]} 36. Rb1
{[%clk 0:00:49]} Ra8 {[%clk 0:04:53]} 37. Rb2 {[%clk 0:01:06]} Kh8
{[%clk 0:05:15]} 38. Nd3 {[%clk 0:00:51]} Kg8 {[%clk 0:04:51]} 39. Ne5
{[%clk 0:01:01]} Qa6 {[%clk 0:04:02]} 40. Rc2 {[%clk 0:30:42]} Qa3
{[%clk 0:31:36]} 41. Rc7 {[%clk 0:29:18]} Rf8 {[%clk 0:29:50]} 42. Rc3
{[%clk 0:25:07]} Qa4 {[%clk 0:29:01]} 43. Rc5 {[%clk 0:22:53]} Ra8
{[%clk 0:28:37]} 44. Rc7 {[%clk 0:23:19]} Rf8 {[%clk 0:29:01]} 45. Qb2
{[%clk 0:23:30]} Ne8 {[%clk 0:27:15]} 46. Rc8 {[%clk 0:22:07]} Nd6
{[%clk 0:26:32]} 47. Rxf8+ {[%clk 0:22:01]} Kxf8 {[%clk 0:27:01]} 48. Qb8+
{[%clk 0:22:24]} Ke7 {[%clk 0:26:41]} 49. Qc7+ {[%clk 0:22:34]} Ke6
{[%clk 0:27:09]} 50. Nd3 {[%clk 0:21:14]} 1-0

[Event "Wolrd Chess Olympiad 2018"]
[Site "Batumi"]
[Date "2018.09.25"]
[Round "2"]
[Board "2"]
[WhiteFideId "21100306"]
[White "Garber Ousainou"]
[BlackFideId "7400330"]
[Black "Lorne Ras Malaku"]
[Result "0-1"]
[LiveChessVersion "1.4.8"]
[BlackElo "2161"]
[WhiteElo "1701"]

1. d4 {[%clk 1:30:56]} Nf6 {[%clk 1:30:34]} 2. Nf3 {[%clk 1:30:44]} d5
{[%clk 1:30:38]} 3. e3 {[%clk 1:30:44]} c5 {[%clk 1:30:01]} 4. Bb5+
{[%clk 1:29:02]} Nc6 {[%clk 1:30:04]} 5. dxc5 {[%clk 1:28:55]} e6
{[%clk 1:11:39]} 6. O-O {[%clk 1:29:01]} Bxc5 {[%clk 1:11:19]} 7. Ne5
{[%clk 1:28:00]} Qc7 {[%clk 1:11:20]} 8. Ng4 {[%clk 1:24:49]} Ne4
{[%clk 1:10:21]} 9. f3 {[%clk 1:23:53]} Nd6 {[%clk 1:10:22]} 10. Ba4
{[%clk 1:22:15]} O-O {[%clk 1:09:55]} 11. c3 {[%clk 1:20:43]} f5 {[%clk 1:07:50]}
12. Nf2 {[%clk 1:19:40]} Nc4 {[%clk 1:06:59]} 13. Re1 {[%clk 1:17:05]} a6
{[%clk 0:58:42]} 14. b4 {[%clk 1:16:59]} Bd6 {[%clk 0:58:11]} 15. f4
{[%clk 1:16:17]} b5 {[%clk 0:57:42]} 16. Bc2 {[%clk 1:16:17]} a5 {[%clk 0:57:37]}
17. bxa5 {[%clk 1:12:27]} Rxa5 {[%clk 0:57:05]} 18. Nd2 {[%clk 1:10:07]} Qa7
{[%clk 0:48:56]} 19. Nxc4 {[%clk 1:09:21]} bxc4 {[%clk 0:49:45]} 20. a4
{[%clk 1:08:54]} Bd7 {[%clk 0:49:31]} 21. Ba3 {[%clk 1:07:32]} Bxa3
{[%clk 0:42:51]} 22. Rxa3 {[%clk 1:07:42]} Ra8 {[%clk 0:42:04]} 23. g4
{[%clk 1:04:45]} g6 {[%clk 0:41:46]} 24. gxf5 {[%clk 1:04:50]} exf5
{[%clk 0:41:34]} 25. Qf3 {[%clk 1:03:53]} Ne7 {[%clk 0:39:37]} 26. Rb1
{[%clk 0:57:23]} Bc6 {[%clk 0:27:57]} 27. Qe2 {[%clk 0:52:25]} Qc5
{[%clk 0:19:15]} 28. Rba1 {[%clk 0:46:49]} Nc8 {[%clk 0:18:48]} 29. Qd2
{[%clk 0:46:18]} Nb6 {[%clk 0:02:12]} 30. Qd4 {[%clk 0:46:07]} Qxd4
{[%clk 0:02:30]} 31. cxd4 {[%clk 0:44:55]} Bxa4 {[%clk 0:02:08]} 32. Bxa4
{[%clk 0:41:22]} Rxa4 {[%clk 0:02:29]} 33. Rxa4 {[%clk 0:41:12]} Rxa4
{[%clk 0:02:54]} 34. Rb1 {[%clk 0:40:19]} Ra6 {[%clk 0:02:51]} 35. Kf1
{[%clk 0:39:42]} Kf7 {[%clk 0:03:05]} 36. Nd1 {[%clk 0:39:12]} Ke7
{[%clk 0:01:38]} 37. Nc3 {[%clk 0:38:38]} Ra3 {[%clk 0:01:32]} 38. Rc1
{[%clk 0:38:02]} Rb3 {[%clk 0:01:49]} 39. Kf2 {[%clk 0:37:33]} Rb2+
{[%clk 0:01:45]} 40. Kg3 {[%clk 1:07:42]} Ke6 {[%clk 0:30:57]} 41. h4
{[%clk 1:07:34]} Rb3 {[%clk 0:25:13]} 42. Kf3 {[%clk 1:07:41]} Kd6
{[%clk 0:21:41]} 43. Kg3 {[%clk 1:06:08]} Nd7 {[%clk 0:22:08]} 44. Rc2
{[%clk 1:05:04]} Nf6 {[%clk 0:22:24]} 45. Kf3 {[%clk 1:04:12]} Ne4
{[%clk 0:22:14]} 46. Nd1 {[%clk 1:02:36]} Kc6 {[%clk 0:21:12]} 47. Ke2
{[%clk 1:02:03]} Kb5 {[%clk 0:21:23]} 48. Nb2 {[%clk 0:55:31]} Kb4
{[%clk 0:21:41]} 49. Nd1 {[%clk 0:54:20]} Nc3+ {[%clk 0:20:23]} 50. Nxc3
{[%clk 0:53:07]} Rxc3 {[%clk 0:20:46]} 51. Rb2+ {[%clk 0:52:40]} Rb3
{[%clk 0:21:00]} 52. Ra2 {[%clk 0:52:22]} Kc3 {[%clk 0:21:18]} 53. Ra5
{[%clk 0:52:15]} Rb2+ {[%clk 0:21:34]} 54. Kf3 {[%clk 0:50:18]} Kd2
{[%clk 0:21:56]} 55. Rxd5 {[%clk 0:49:54]} c3 {[%clk 0:22:20]} 56. e4
{[%clk 0:49:37]} c2 {[%clk 0:22:45]} 57. Rc5 {[%clk 0:47:19]} Rb3+
{[%clk 0:23:11]} 58. Kf2 {[%clk 0:46:42]} Rc3 {[%clk 0:23:36]} 0-1

[Event "Wolrd Chess Olympiad 2018"]
[Site "Batumi"]
[Date "2018.09.25"]
[Round "2"]
[Board "1"]
[WhiteFideId "10400222"]
[White "Karelina Polina"]
[BlackFideId "9300244"]
[Black "Omar Noaman"]
[Result "0-1"]
[LiveChessVersion "1.4.8"]
[BlackElo "2356"]
[WhiteElo "1631"]

1. e4 {[%clk 1:30:54]} c5 {[%clk 1:30:52]} 2. Nc3 {[%clk 1:30:53]} e6
{[%clk 1:31:18]} 3. g3 {[%clk 1:31:09]} d5 {[%clk 1:31:41]} 4. Bg2
{[%clk 1:29:32]} dxe4 {[%clk 1:32:02]} 5. Nxe4 {[%clk 1:29:36]} Be7
{[%clk 1:32:04]} 6. Nf3 {[%clk 1:28:47]} Nf6 {[%clk 1:32:27]} 7. Nxf6+
{[%clk 1:26:09]} Bxf6 {[%clk 1:32:52]} 8. O-O {[%clk 1:26:31]} O-O
{[%clk 1:33:02]} 9. d3 {[%clk 1:25:55]} Nc6 {[%clk 1:29:17]} 10. c3
{[%clk 1:24:38]} Qc7 {[%clk 1:29:03]} 11. Bg5 {[%clk 1:21:18]} Bxg5
{[%clk 1:28:50]} 12. Nxg5 {[%clk 1:21:46]} h6 {[%clk 1:28:43]} 13. Ne4
{[%clk 1:18:47]} b6 {[%clk 1:28:57]} 14. Qh5 {[%clk 1:11:35]} Bb7
{[%clk 1:28:33]} 15. h4 {[%clk 1:04:08]} Rad8 {[%clk 1:28:13]} 16. Rad1
{[%clk 0:55:45]} f5 {[%clk 1:23:00]} 17. Ng5 {[%clk 0:54:46]} hxg5
{[%clk 1:16:53]} 18. hxg5 {[%clk 0:55:07]} Ne7 {[%clk 1:14:37]} 19. g6
{[%clk 0:54:51]} Rf6 {[%clk 1:13:39]} 20. Qh7+ {[%clk 0:54:13]} Kf8
{[%clk 1:14:02]} 21. Qh8+ {[%clk 0:54:32]} Ng8 {[%clk 1:14:28]} 22. Qh7
{[%clk 0:54:31]} Bxg2 {[%clk 1:14:47]} 23. Kxg2 {[%clk 0:54:55]} Qc6+
{[%clk 1:15:09]} 24. f3 {[%clk 0:54:47]} Qe8 {[%clk 1:15:30]} 0-1

[Event "Wolrd Chess Olympiad 2018"]
[Site "Batumi"]
[Date "2018.09.25"]
[Round "2"]
[Board "2"]
[WhiteFideId "9300465"]
[White "AlHuwar Jasem"]
[BlackFideId "10400583"]
[Black "Moncur Cecil"]
[Result "1/2-1/2"]
[LiveChessVersion "1.4.8"]
[BlackElo "1873"]
[WhiteElo "2245"]

1. Nf3 {[%clk 1:30:53]} c5 {[%clk 1:30:37]} 2. g3 {[%clk 1:31:18]} Nc6
{[%clk 1:31:00]} 3. Bg2 {[%clk 1:31:43]} g6 {[%clk 1:30:54]} 4. O-O
{[%clk 1:31:35]} Bg7 {[%clk 1:30:58]} 5. c4 {[%clk 1:31:56]} e6 {[%clk 1:30:46]}
6. Nc3 {[%clk 1:31:57]} Nge7 {[%clk 1:29:27]} 7. e3 {[%clk 1:30:16]} O-O
{[%clk 1:23:56]} 8. d4 {[%clk 1:30:32]} cxd4 {[%clk 1:23:55]} 9. Nxd4
{[%clk 1:30:33]} Nxd4 {[%clk 1:21:04]} 10. exd4 {[%clk 1:30:57]} d5
{[%clk 1:21:13]} 11. cxd5 {[%clk 1:22:55]} Nxd5 {[%clk 1:18:02]} 12. Be3
{[%clk 1:23:00]} Qa5 {[%clk 1:13:38]} 13. Nxd5 {[%clk 1:21:18]} exd5
{[%clk 1:13:45]} 14. Qb3 {[%clk 1:21:42]} Be6 {[%clk 1:12:03]} 15. Rac1
{[%clk 1:21:32]} Qb6 {[%clk 1:08:29]} 16. Rc5 {[%clk 1:21:43]} Qxb3
{[%clk 1:07:21]} 17. axb3 {[%clk 1:22:06]} Rfd8 {[%clk 1:01:33]} 18. Rc7
{[%clk 1:20:48]} Rab8 {[%clk 1:00:34]} 19. Rfc1 {[%clk 1:19:50]} h6
{[%clk 0:56:16]} 20. h4 {[%clk 1:15:15]} Bf6 {[%clk 0:53:05]} 21. Bf3
{[%clk 1:11:34]} g5 {[%clk 0:51:08]} 22. hxg5 {[%clk 1:08:16]} hxg5
{[%clk 0:50:57]} 23. R1c5 {[%clk 0:56:31]} a6 {[%clk 0:48:01]} 24. Rc1
{[%clk 0:54:30]} Rd6 {[%clk 0:48:09]} 25. g4 {[%clk 0:51:49]} Rb6
{[%clk 0:46:55]} 26. R7c3 {[%clk 0:51:00]} Rb4 {[%clk 0:45:51]} 27. Rd3
{[%clk 0:51:12]} Kf8 {[%clk 0:44:51]} 28. Kg2 {[%clk 0:50:05]} Ke7
{[%clk 0:43:27]} 29. Rh1 {[%clk 0:45:27]} Rg8 {[%clk 0:42:32]} 30. Rh6
{[%clk 0:44:04]} Rc8 {[%clk 0:36:02]} 31. Bd1 {[%clk 0:42:56]} Rg8
{[%clk 0:34:14]} 1/2-1/2

[Event "Wolrd Chess Olympiad 2018"]
[Site "Batumi"]
[Date "2018.09.25"]
[Round "2"]
[Board "3"]
[WhiteFideId "10400044"]
[White "Small Byron"]
[BlackFideId "9301143"]
[Black "Sultan Ibrahim"]
[Result "0-1"]
[LiveChessVersion "1.4.8"]
[BlackElo "2112"]
[WhiteElo "1721"]

1. e4 {[%clk 1:30:52]} e6 {[%clk 1:30:22]} 2. d4 {[%clk 1:30:28]} d5
{[%clk 1:30:38]} 3. e5 {[%clk 1:30:51]} c5 {[%clk 1:30:40]} 4. c3
{[%clk 1:31:14]} Nc6 {[%clk 1:31:06]} 5. Nf3 {[%clk 1:31:36]} Qb6
{[%clk 1:31:32]} 6. Bd3 {[%clk 1:30:43]} cxd4 {[%clk 1:31:56]} 7. cxd4
{[%clk 1:31:03]} Bd7 {[%clk 1:32:23]} 8. Be2 {[%clk 1:18:39]} Nh6
{[%clk 1:26:15]} 9. Qb3 {[%clk 0:53:48]} Nxd4 {[%clk 0:55:36]} 10. Nxd4
{[%clk 0:51:08]} Qxd4 {[%clk 0:56:01]} 11. O-O {[%clk 0:49:27]} Qxe5
{[%clk 0:54:15]} 12. Bb5 {[%clk 0:41:08]} Qd6 {[%clk 0:51:29]} 13. Nc3
{[%clk 0:31:52]} Ng4 {[%clk 0:36:45]} 14. g3 {[%clk 0:31:33]} Nf6
{[%clk 0:36:43]} 15. Re1 {[%clk 0:22:20]} Be7 {[%clk 0:36:31]} 16. Bf4
{[%clk 0:21:29]} Qb4 {[%clk 0:31:09]} 17. Bxd7+ Kxd7 {[%clk 0:31:32]} 18. Qc2
{[%clk 0:19:41]} Rhd8 {[%clk 0:31:06]} 19. a3 {[%clk 0:19:56]} Qc4
{[%clk 0:29:42]} 20. Rac1 {[%clk 0:18:14]} Ke8 {[%clk 0:28:21]} 21. Qb1
{[%clk 0:10:34]} Qb3 {[%clk 0:27:38]} 22. Be5 {[%clk 0:06:11]} Rac8
{[%clk 0:26:46]} 23. Ne2 {[%clk 0:05:26]} Qf3 {[%clk 0:22:46]} 24. Nd4
{[%clk 0:04:31]} Qh5 {[%clk 0:23:07]} 25. Kg2 {[%clk 0:01:55]} Ng4
{[%clk 0:22:50]} 26. Nf3 {[%clk 0:02:23]} Nxe5 {[%clk 0:22:18]} 27. Rxe5
{[%clk 0:02:47]} Qg6 {[%clk 0:22:24]} 28. Qxg6 {[%clk 0:02:32]} hxg6
{[%clk 0:22:48]} 29. Rxc8 {[%clk 0:02:37]} Rxc8 {[%clk 0:23:14]} 30. Re2
{[%clk 0:02:37]} Bf6 {[%clk 0:23:37]} 31. Rd2 {[%clk 0:02:36]} Kd7
{[%clk 0:23:47]} 32. h4 {[%clk 0:02:00]} Kd6 {[%clk 0:24:04]} 33. Ng5
{[%clk 0:01:49]} Bxg5 {[%clk 0:24:18]} 34. hxg5 {[%clk 0:02:18]} e5
{[%clk 0:24:32]} 35. f3 {[%clk 0:02:37]} d4 {[%clk 0:24:49]} 36. f4
{[%clk 0:01:55]} f6 {[%clk 0:25:14]} 37. gxf6 {[%clk 0:02:07]} gxf6
{[%clk 0:25:37]} 38. Kf3 {[%clk 0:02:29]} Kd5 {[%clk 0:26:01]} 39. Re2
{[%clk 0:00:57]} Rc1 {[%clk 0:24:24]} 0-1

[Event "Wolrd Chess Olympiad 2018"]
[Site "Batumi"]
[Date "2018.09.25"]
[Round "2"]
[Board "4"]
[WhiteFideId "9308733"]
[White "Al Hosani Omran"]
[BlackFideId "10400125"]
[Black "Whyms Chappell"]
[Result "1-0"]
[LiveChessVersion "1.4.8"]
[BlackElo "1595"]
[WhiteElo "2115"]

1. d4 {[%clk 1:30:55]} Nf6 {[%clk 1:30:10]} 2. Bf4 {[%clk 1:31:10]} d5
{[%clk 1:28:47]} 3. e3 {[%clk 1:31:26]} Bg4 {[%clk 1:27:48]} 4. f3
{[%clk 1:30:25]} Bf5 {[%clk 1:26:28]} 5. Bd3 {[%clk 1:29:55]} Bxd3
{[%clk 1:25:16]} 6. Qxd3 {[%clk 1:30:23]} e6 {[%clk 1:25:37]} 7. Qb5+
{[%clk 1:30:05]} Nbd7 {[%clk 1:16:24]} 8. Qxb7 {[%clk 1:26:22]} Bd6
{[%clk 1:16:33]} 9. Bxd6 {[%clk 1:26:37]} cxd6 {[%clk 1:16:56]} 10. Qa6
{[%clk 1:26:58]} Qc7 {[%clk 1:16:34]} 11. Nc3 {[%clk 1:26:37]} O-O
{[%clk 1:14:22]} 12. Nge2 {[%clk 1:26:50]} Rfb8 {[%clk 1:10:47]} 13. b3
{[%clk 1:25:49]} Rb6 {[%clk 1:02:48]} 14. Qd3 {[%clk 1:24:12]} a6
{[%clk 1:03:00]} 15. O-O {[%clk 1:24:22]} Rc6 {[%clk 1:03:09]} 16. Rac1
{[%clk 1:21:44]} Rc8 {[%clk 1:03:13]} 17. Na4 {[%clk 1:21:57]} e5
{[%clk 0:54:50]} 18. c3 {[%clk 1:21:03]} Qd8 {[%clk 0:46:58]} 19. e4
{[%clk 1:19:06]} dxe4 {[%clk 0:41:44]} 20. fxe4 {[%clk 1:19:27]} d5
{[%clk 0:41:17]} 21. exd5 {[%clk 1:18:58]} Nxd5 {[%clk 0:40:40]} 22. c4
{[%clk 1:19:01]} Qg5 {[%clk 0:25:08]} 23. Qf3 {[%clk 1:09:23]} N5f6
{[%clk 0:12:19]} 24. d5 {[%clk 1:09:31]} Rd6 {[%clk 0:10:41]} 25. Ng3
{[%clk 1:05:52]} Rxd5 {[%clk 0:07:33]} 26. h4 {[%clk 1:06:14]} Qxh4
{[%clk 0:06:53]} 1-0

[Event "Wolrd Chess Olympiad 2018"]
[Site "Batumi"]
[Date "2018.09.25"]
[Round "2"]
[Board "1"]
[WhiteFideId "7400179"]
[White "Elliott Warren"]
[BlackFideId "21100039"]
[Black "Bah Ebrima"]
[Result "1-0"]
[LiveChessVersion "1.4.8"]
[BlackElo "2066"]
[WhiteElo "2206"]

1. d4 {[%clk 1:28:24]} Nf6 2. c4 e6 {[%clk 1:29:32]} 3. Nf3 {[%clk 1:27:21]} c6
{[%clk 1:29:13]} 4. Nc3 {[%clk 1:27:04]} d5 {[%clk 1:29:34]} 5. cxd5
{[%clk 1:27:08]} cxd5 {[%clk 1:26:40]} 6. Bg5 {[%clk 1:26:28]} Be7
{[%clk 1:26:13]} 7. e3 {[%clk 1:26:14]} Nc6 {[%clk 1:25:39]} 8. Bd3
{[%clk 1:23:02]} a6 {[%clk 1:24:10]} 9. Rc1 {[%clk 1:22:45]} h6 {[%clk 1:22:21]}
10. Bh4 {[%clk 1:23:03]} Bd7 {[%clk 1:19:39]} 11. O-O {[%clk 1:17:46]} O-O
{[%clk 1:18:40]} 12. Bb1 {[%clk 1:07:58]} Nh7 {[%clk 1:16:56]} 13. Bxe7
{[%clk 1:03:10]} Qxe7 {[%clk 1:16:49]} 14. Na4 {[%clk 1:03:17]} Rab8
{[%clk 1:13:33]} 15. Nc5 {[%clk 0:58:20]} Be8 {[%clk 1:13:32]} 16. a3
{[%clk 0:50:22]} f5 {[%clk 1:10:02]} 17. b4 {[%clk 0:42:17]} Qd6 {[%clk 1:05:21]}
18. Qc2 {[%clk 0:36:23]} Nf6 {[%clk 1:03:06]} 19. Qb2 {[%clk 0:31:17]} Bh5
{[%clk 1:00:26]} 20. Ne5 {[%clk 0:30:30]} Rfc8 {[%clk 0:52:19]} 21. f3
{[%clk 0:28:07]} Rc7 {[%clk 0:50:59]} 22. Rf2 {[%clk 0:21:09]} g5
{[%clk 0:48:16]} 23. h3 {[%clk 0:21:07]} Rf8 {[%clk 0:41:14]} 24. g4
{[%clk 0:15:37]} fxg4 {[%clk 0:40:33]} 25. hxg4 {[%clk 0:13:17]} Be8
{[%clk 0:40:13]} 26. Rh2 {[%clk 0:11:09]} Kg7 {[%clk 0:40:19]} 27. Kg2
{[%clk 0:04:16]} Rh8 {[%clk 0:32:48]} 28. Rch1 {[%clk 0:04:08]} Ng8
{[%clk 0:30:15]} 29. f4 {[%clk 0:02:57]} Nxe5 {[%clk 0:29:25]} 30. dxe5
{[%clk 0:03:13]} Qe7 {[%clk 0:29:21]} 31. f5 {[%clk 0:03:36]} Rxc5 32. f6+ Nxf6
{[%clk 0:25:15]} 33. exf6+ {[%clk 0:03:59]} Qxf6 {[%clk 0:24:57]} 34. Qxf6+
{[%clk 0:04:26]} Kxf6 {[%clk 0:25:25]} 35. Rxh6+ {[%clk 0:04:06]} Rxh6
{[%clk 0:24:56]} 36. Rxh6+ {[%clk 0:04:31]} Ke5 {[%clk 0:25:23]} 37. bxc5
{[%clk 0:04:51]} Bc6 {[%clk 0:21:04]} 38. Rg6 {[%clk 0:03:33]} d4+
{[%clk 0:20:50]} 39. Kf2 {[%clk 0:03:56]} Kd5 {[%clk 0:19:40]} 40. Ba2+
{[%clk 0:02:07]} Kxc5 {[%clk 0:19:01]} 41. Rxg5+ {[%clk 0:32:18]} Kd6
{[%clk 0:48:02]} 42. exd4 {[%clk 0:32:35]} b5 {[%clk 0:48:11]} 43. Re5
{[%clk 0:32:52]} Bd7 {[%clk 0:48:20]} 44. g5 {[%clk 0:33:10]} Ke7
{[%clk 0:48:23]} 45. Bxe6 {[%clk 0:33:23]} Bxe6 {[%clk 0:48:19]} 46. d5
{[%clk 0:33:39]} Kd6 {[%clk 0:48:48]} 47. Rxe6+ {[%clk 0:33:32]} Kxd5
{[%clk 0:49:04]} 48. Rxa6 {[%clk 0:33:48]} 1-0

[Event "World Chess Olympiad 2018"]
[Site "Batumi"]
[Date "2018.09.25"]
[Round "2"]
[Board "1"]
[WhiteFideId "16301188"]
[White "Bai Adelard"]
[BlackFideId "11900270"]
[Black "Marckens Jean Louis"]
[Result "1-0"]
[LiveChessVersion "1.4.8"]
[BlackElo "1992"]
[WhiteElo "2111"]

1. d4 {[%clk 1:30:58]} Nf6 {[%clk 1:30:51]} 2. c4 {[%clk 1:31:17]} g6
{[%clk 1:31:19]} 3. f3 {[%clk 1:31:37]} d5 {[%clk 1:31:35]} 4. cxd5
{[%clk 1:31:58]} Nxd5 {[%clk 1:31:50]} 5. e4 {[%clk 1:32:18]} Nb6
{[%clk 1:32:06]} 6. Nc3 {[%clk 1:32:35]} Bg7 {[%clk 1:32:24]} 7. Be3
{[%clk 1:32:58]} O-O {[%clk 1:32:24]} 8. Qd2 {[%clk 1:33:21]} e5 {[%clk 1:32:31]}
9. d5 {[%clk 1:33:25]} c6 {[%clk 1:32:35]} 10. Rd1 {[%clk 1:32:37]} cxd5
{[%clk 1:32:22]} 11. Nxd5 {[%clk 1:31:51]} Nxd5 {[%clk 1:31:13]} 12. exd5
{[%clk 1:28:21]} Nd7 {[%clk 1:28:50]} 13. Ne2 {[%clk 1:22:54]} f5
{[%clk 1:28:00]} 14. Nc3 {[%clk 1:21:23]} e4 {[%clk 1:27:20]} 15. f4
{[%clk 1:07:51]} a6 {[%clk 1:17:58]} 16. Bc4 {[%clk 1:07:19]} Qc7
{[%clk 1:16:16]} 17. Bb3 {[%clk 1:05:53]} Qd6 {[%clk 1:10:46]} 18. Qf2
{[%clk 1:03:55]} b5 {[%clk 1:06:08]} 19. O-O {[%clk 1:03:41]} Bb7
{[%clk 1:04:09]} 20. a4 {[%clk 1:02:12]} b4 {[%clk 1:02:21]} 21. Nb1
{[%clk 1:00:50]} Rfc8 {[%clk 0:52:17]} 22. Nd2 {[%clk 1:00:49]} Nf6
{[%clk 0:48:36]} 23. Nc4 {[%clk 0:59:54]} Rxc4 {[%clk 0:49:04]} 24. Bxc4
{[%clk 1:00:12]} Ng4 {[%clk 0:49:22]} 25. Bc5 {[%clk 0:54:33]} Nxf2
{[%clk 0:45:57]} 26. Bxd6 {[%clk 0:53:47]} Nxd1 {[%clk 0:45:47]} 27. Rxd1
{[%clk 0:54:10]} Kf7 {[%clk 0:43:10]} 28. Bxb4 {[%clk 0:52:41]} Ke8
{[%clk 0:41:57]} 29. Rd2 {[%clk 0:44:58]} Kd7 {[%clk 0:41:25]} 30. Bc5
{[%clk 0:44:09]} Rc8 {[%clk 0:39:34]} 31. b4 {[%clk 0:44:19]} Bf6
{[%clk 0:37:40]} 32. Kf2 {[%clk 0:43:38]} Be7 {[%clk 0:36:07]} 33. d6
{[%clk 0:43:29]} Bf6 {[%clk 0:35:31]} 34. Ke3 {[%clk 0:43:48]} a5
{[%clk 0:34:06]} 35. Bb5+ {[%clk 0:40:49]} Bc6 {[%clk 0:34:36]} 36. Ba6
{[%clk 0:41:05]} Rb8 {[%clk 0:33:26]} 37. b5 {[%clk 0:37:56]} Bb7
{[%clk 0:33:07]} 38. Ba7 {[%clk 0:37:38]} Ra8 {[%clk 0:32:11]} 39. Bxb7
{[%clk 0:38:03]} Rxa7 {[%clk 0:32:31]} 40. Bc6+ {[%clk 1:08:15]} Kc8
{[%clk 1:01:55]} 41. d7+ {[%clk 1:07:36]} Kc7 {[%clk 1:01:43]} 42. d8=Q+
{[%clk 1:07:58]} Bxd8 {[%clk 1:01:21]} 43. Rd7+ {[%clk 1:08:25]} Kb6
{[%clk 1:01:26]} 44. Rxd8 {[%clk 1:08:49]} Re7 {[%clk 1:01:25]} 45. Rd7
{[%clk 1:09:00]} Re6 {[%clk 1:01:42]} 46. Rxh7 {[%clk 1:09:17]} Kc5
{[%clk 1:01:28]} 47. Rd7 {[%clk 1:09:36]} Rf6 {[%clk 1:01:07]} 48. Rd4
{[%clk 1:08:30]} Re6 {[%clk 1:00:46]} 49. Bd5 {[%clk 1:08:19]} Re7
{[%clk 0:58:35]} 50. Bg8 {[%clk 1:08:36]} Rg7 {[%clk 0:58:17]} 51. Rc4+
{[%clk 1:08:59]} Kb6 {[%clk 0:58:26]} 52. Rc6+ {[%clk 1:09:23]} Ka7
{[%clk 0:58:30]} 53. Ra6+ {[%clk 1:09:52]} Kb8 {[%clk 0:58:12]} 54. Bd5
{[%clk 1:10:19]} Rd7 {[%clk 0:57:43]} 55. Ra8+ {[%clk 1:10:42]} 1-0